Statistics for A Level Biology - Transport in animals

Click here to take the quiz!

General Stats

  • This quiz has been taken 41 times
  • The average score is 16 of 32

Answer Stats

DefinitionKeyword% Correct
Vessels that carry blood away from the heartArteries
89%
The fluid used to transport materials around the bodyBlood
75%
Very small blood vessels with very thin wallsCapillaries
75%
Vesselos that carry blood back to the heartVeins
75%
The red pigment used to transport oxygen in the bloodHaemoglobin
71%
The fluid portion of the bloodPlasma
71%
One in which the blood flows through the heart twice for each circuit of the bodyDouble circulatory system
64%
The fluid held in the lymphatic system, which is a system of tubes that returns excess tissue fluid to the blood systemLymph
64%
The fluid surrounding the cells and tissueTissue fluid
61%
Small blood vessels that distribute blood from an artery to the capillariesArterioles
57%
A trace that records the electrical activity of the heartElectrocardiogram
57%
Valves that prevent blood re-entering the heart from the arteriesSemilunar valves
57%
Valves between the atria and the ventricles, which ensure that blood flows in the correct directionAtrio-ventricular valves
54%
One in which the blood flows through the heart once for each circuit of the bodySingle circulatory system
54%
Small patch of tissue that sends out waves of electrical excitation at regular intervals in order to initiate contractionsSino-atrial node
54%
Small blood vessels that collect blood from capillaries and lead into the veinsVenules
54%
Specialised muscle found in the walls of the heart chambersCardiac muscle
50%
One in which the blood is held in vesselsClosed circulatory system
50%
One in which the blood is not held in vesselsOpen circulatory system
50%
The enzyme that catalyses the combination of carbon dioxide and waterCarbonic anhydrase
46%
The pressure that a fluid exerts when pushing against the sides of a vessel or containerHydrostatic pressure
46%
The type of haemoglobin usually found only in the fetusFetal haemoglobin
43%
Muslce that can initiate its own contractionMyogenic
43%
The pressure created by the osmotic efects of the solutesOncotic pressure
43%
The movement of substances such as oxygen, nutrients, hormones, waste and heart around the bodyTransport
43%
A strong attractionAffinity
36%
The sequence of events in one full beat of the heartCardiac cycle
36%
The movement of chloride ions into the erythrocytes to balance the charge as hydrogencarbonate ions leave the cellChloride shift
32%
The effect that extra carbon dioxide has on the haemoglobin, explaining the release of more oxygenBohr effect
29%
Means releasing the oxygen from the oxyhaemoglobinDissociation
29%
The compound formed by the buffering action of the haemoglobin as it combines with excess hydrogen ionsHaemoglobinic acid
14%
Consists of specially adapted muscle fibres that conduct the wave of excitation from the AVN down the septum to the ventriclesPurkinje fibres
11%

Score Distribution

Percentile by Number Answered

Percent of People with Each Score

Your Score History

You have not taken this quiz